000 01789nam0a2200301 4500
001 RU\NLR\BIBL_A\022700160
005 20260408232332.0
010 _a978-5-902210-48-1
_9300
035 _a(NLR Aleph) 022700160
090 _a13533607
_c13533607
100 _a20260114d2025 k y0rusy50 ca
101 0 _arus
102 _aRU
105 _aa z 000yy
181 0 _ai
_baxxe
182 0 _an
200 1 _aВоспроизводство камбалообразных рыб (Pleuronectiformes) северной части Тихого океана
_eмонография
_fЮрий Петрович Дьяков
_gФедеральное агентство по рыболовству, Государственный научный центр Российской Федерации, Федеральное государственное бюджетное научное учреждение "Всероссийский научно-исследовательский институт рыбного хозяйства и океанографии", Камчатский филиал
203 _aТекст
_bвизуальный
_cнепосредственный
210 _aПетропавловск-Камчатский
_cКамчатский филиал ФГБНУ "ВНИРО"
_d2025
215 _a495 с.
_cил., цв. ил., табл.
_d24
320 _aБиблиогр.: с. 482-495
606 _aКамбалообразные
_xВоспроизводство
_yТихий океан
_yСеверная часть
_3RU\NLR\AUTH\6601765070
_92693600
686 1 _aП729.1/2(941)
700 1 _8rus
_7ca
_aДьяков
_bЮ. П.
_f1949-
_gЮрий Петрович
_3RU\NLR\AUTH\77114975
_997900
942 _cBOOK
980 _aNB